000
00287nam a22001337a 4500
008
170713b xxu||||| |||| 00| 0 eng d
020
_a
0231063792
041
_a
eng
080
_a
101
100
_a
24
101
_a
FIL
245
_a
LEBANON'S PREDICAMENT
_c
KHALAF, S
942
_2
udc
_c
BK
999
_c
20512
_d
20512